00342pab a2200121 454500008003600000245004400036650001900080650002200099650001700121650002600138650002800164773002800192180718b xxu||||| |||| 00| 0 eng d aIndustrial relations: where are we now? a Privatisation a Local Government a Labour Laws a Industrial Relations aLabour Relations - U.K. aThe Political Quarterly